| 000 | 00678nam a2200253Ia 4500 | ||
|---|---|---|---|
| 003 | OSt | ||
| 005 | 20220924152802.0 | ||
| 006 | a|||||r|||| 00| 0 | ||
| 007 | ta | ||
| 008 | 220923b |||||||| |||| 00| 0 tel d | ||
| 020 | _cRs.50 | ||
| 024 | _a344587 | ||
| 037 | _cTextual | ||
| 040 |
_aARTS _cARTS _btel |
||
| 041 |
_2tel _atel |
||
| 082 | _aO35,1GYE,2:g, M5 | ||
| 100 |
_aSandhya Vandana Godavari Bayi Au. _9227461 |
||
| 245 | 0 | _aYerraya Terchina Harivamsamu | |
| 260 | _c1985 | ||
| 300 |
_a401p. _ccm. |
||
| 650 | _aTELUGU LITERATURE | ||
| 942 |
_hO35,1GYE,2:g, M5 _cTEXL _2CC |
||
| 999 |
_c470982 _d470982 |
||